Current MLB Players by Country or US State - Statistics

General Stats
  • This quiz has been taken 72 times
  • The average score is 9 of 15
Answer Stats
Hint Answer % Correct
216 California
89%
117 Florida
85%
92 Texas
85%
32 New York
79%
152 Dominican Republic
72%
52 Georgia
69%
30 Cuba
62%
30 Ohio
59%
100 Venezuela
57%
27 North Carolina
48%
28 Puerto Rico
46%
29 Pennsylvania
44%
33 Illinois
41%
29 Tennessee
36%
22 New Jersey
34%
No matching quizzes found
Score Distribution
Percent of People with Each Score
Percentile by Number Answered
Your Score History
You have not taken this quiz